000 00499nam a2200157 a 4500
005 20140414132111.0
008 110513s19uu xx 00 eng d
050 _aTR
_bB35 2007
100 _aFleming, Denise, 1950-
245 _aBeetle bop /
_cDenise Fleming.
260 _aNew York :
_bScholastic ,
_c2007.
520 _aIllustrations and rhyming text reveal the great variety of beetles and their swirling, humming, crashing activities.
650 _a
650 _aBeetles
999 _c114757
_d114757